000 00421nam a22001697a 4500
005 20160625104000.0
008 160625b xxu||||| |||| 00| 0 eng d
020 _a81-7273-236-8
041 _aeng
082 _b10124
100 _aChakravarty, Jagdish
_92734
245 _aNet, Media and the Mass Communication
260 _bAuthours Press
_c2005
300 _a229
650 _aMass Communication
_92660
942 _cBK
999 _c3941
_d3940